<?xml version="1.0" encoding="UTF-8"?>
<record
    xmlns:xsi="http://www.w3.org/2001/XMLSchema-instance"
    xsi:schemaLocation="http://www.loc.gov/MARC21/slim http://www.loc.gov/standards/marcxml/schema/MARC21slim.xsd"
    xmlns="http://www.loc.gov/MARC21/slim">

  <leader>01032nam2a2200217   4500</leader>
  <controlfield tag="001">rc\2993428</controlfield>
  <controlfield tag="005">20260315063247.0</controlfield>
  <datafield tag="035" ind1=" " ind2=" ">
    <subfield code="a">(NLR Aleph) 007137303</subfield>
  </datafield>
  <datafield tag="090" ind1=" " ind2=" ">
    <subfield code="a">13613878</subfield>
    <subfield code="c">13613878</subfield>
  </datafield>
  <datafield tag="100" ind1=" " ind2=" ">
    <subfield code="a">20080306d1935    u  y0rusy50      ca</subfield>
  </datafield>
  <datafield tag="101" ind1="0" ind2=" ">
    <subfield code="a">rus</subfield>
  </datafield>
  <datafield tag="105" ind1=" " ind2=" ">
    <subfield code="a">ac  z   |||||</subfield>
  </datafield>
  <datafield tag="200" ind1="1" ind2=" ">
    <subfield code="a">&#x413;&#x43B;&#x430;&#x432;&#x43D;&#x430;&#x44F; &#x442;&#x443;&#x440;&#x431;&#x438;&#x43D;&#x430;</subfield>
  </datafield>
  <datafield tag="210" ind1=" " ind2=" ">
    <subfield code="d">1935</subfield>
  </datafield>
  <datafield tag="215" ind1=" " ind2=" ">
    <subfield code="a">&#x41E;&#x431;&#x43B;., 64 &#x441;.</subfield>
    <subfield code="c">&#x43F;&#x43E;&#x440;&#x442;&#x440;., &#x447;&#x435;&#x440;&#x442;.</subfield>
  </datafield>
  <datafield tag="461" ind1=" " ind2="0">
    <subfield code="1">001rc\2993427</subfield>
    <subfield code="1">2001#$a&#x420;&#x443;&#x43A;&#x43E;&#x432;&#x43E;&#x434;&#x441;&#x442;&#x432;&#x43E; &#x43F;&#x43E; &#x43E;&#x431;&#x441;&#x43B;&#x443;&#x436;&#x438;&#x432;&#x430;&#x43D;&#x438;&#x44E; &#x411;&#x440;&#x44E;&#x43D;&#x43D;&#x441;&#x43A;&#x438;&#x445; &#x442;&#x443;&#x440;&#x431;&#x438;&#x43D; 16000 &#x43A;&#x432;&#x442;.$e&#x427;. I-$f&#x438;&#x43D;&#x436;. &#x41A;.&#x424;. &#x413;&#x440;&#x438;&#x43D;&#x433;&#x43E;&#x444;$g&#x428;&#x430;&#x442;&#x443;&#x440;&#x441;&#x43A;. &#x413;&#x42D;&#x421; &#x438;&#x43C;. &#x412;.&#x418;. &#x41B;&#x435;&#x43D;&#x438;&#x43D;&#x430;$v&#x427;. 1</subfield>
    <subfield code="1">700#1$a&#x413;&#x440;&#x438;&#x43D;&#x433;&#x43E;&#x444;$b&#x41A;.&#x424;.$g&#x41A;&#x43E;&#x43D;&#x441;&#x442;&#x430;&#x43D;&#x442;&#x438;&#x43D; &#x424;&#x430;&#x434;&#x434;&#x435;&#x435;&#x432;&#x438;&#x447;</subfield>
    <subfield code="9">7019810</subfield>
    <subfield code="a">&#x413;&#x440;&#x438;&#x43D;&#x433;&#x43E;&#x444;, &#x41A;.&#x424;.</subfield>
    <subfield code="c">&#x41C;&#x43E;&#x441;&#x43A;&#x432;&#x430;</subfield>
    <subfield code="d">1935</subfield>
    <subfield code="f">&#x438;&#x43D;&#x436;. &#x41A;.&#x424;. &#x413;&#x440;&#x438;&#x43D;&#x433;&#x43E;&#x444;</subfield>
    <subfield code="n">&#x411;. &#x438;.</subfield>
    <subfield code="o">&#x427;. I-</subfield>
    <subfield code="t">&#x420;&#x443;&#x43A;&#x43E;&#x432;&#x43E;&#x434;&#x441;&#x442;&#x432;&#x43E; &#x43F;&#x43E; &#x43E;&#x431;&#x441;&#x43B;&#x443;&#x436;&#x438;&#x432;&#x430;&#x43D;&#x438;&#x44E; &#x411;&#x440;&#x44E;&#x43D;&#x43D;&#x441;&#x43A;&#x438;&#x445; &#x442;&#x443;&#x440;&#x431;&#x438;&#x43D; 16000 &#x43A;&#x432;&#x442;.</subfield>
    <subfield code="v">&#x427;. 1</subfield>
  </datafield>
  <datafield tag="801" ind1=" " ind2="0">
    <subfield code="a">RU</subfield>
    <subfield code="b">NLR</subfield>
    <subfield code="g">psbo</subfield>
  </datafield>
  <datafield tag="801" ind1=" " ind2="1">
    <subfield code="a">RU</subfield>
    <subfield code="b">ELAR</subfield>
    <subfield code="2">rusmarc</subfield>
  </datafield>
  <datafield tag="852" ind1=" " ind2=" ">
    <subfield code="a">NLR</subfield>
    <subfield code="j">35-18/57(1)</subfield>
  </datafield>
  <datafield tag="942" ind1=" " ind2=" ">
    <subfield code="c">UNSPEC</subfield>
  </datafield>
  <datafield tag="980" ind1=" " ind2=" ">
    <subfield code="a">NB</subfield>
  </datafield>
</record>
